000 00530nam a2200169Ia 4500
003 GCL
008 140319s9999 xx 000 0 eng d
040 _aGCL /
_cGCL
082 0 4 _a934
_bM C
100 1 _aMINISTRY OF SCIENTIFIC RESEARCH AND CUTU
245 1 0 _aCULTURAL FORUM : HUNDRED YEARS OF INDIAN ARCHAEOLOGY /
_cMINISTRY OF SCIENTIFIC RESEARCH AND CUTU
260 _a[S.N] :
_bMINISTRY OF SCIENTIFIC RESEARCH CULTURAL ،
_c1961
300 _a85 P P
650 0 4 _aINDIA
650 0 4 _aARCHAEOLOGY - INDIA
942 _2ddc
_cBK
999 _c12135
_d12135